00823nam a22002057a 4500003000900000008004100009040007100050082001700121100004000138245006900178260003500247300004600282505016400328650001100492650001000503650002800513650002200541650002200563700003200585AR-CdUCM190326b ||||| |||| 00| 0 spa d aMUNICIPALIDAD PROVINCIAL DEL CUSCOcBIBLIOTECA MUNICIPAL DEL CUSCO a510/A41bA41 aAlmanza Chuchullo, Fortunata Albina aLa Yupana Inka en la construcción del pensamiento numérico / aCusco ;bDann'ys Graff,c2017. a142 Páginas. :bilustraciones ;c28 cm. aContenido: Origen de la Yupana -- Uso de la Yupana o tabla de Tiwanaku -- Uso de la Yupana Inca o calculadora Inca -- Actividades con uso de la Yupana Inca ... aIncas  aInkas aSistema de numeración aMatemática inca aMatemática Inka aPinto Tapia, Miguel Ángel